| 000 | 00926nam a2200205Ia 4500 | ||
|---|---|---|---|
| 003 | Ost | ||
| 005 | 20260507075103.0 | ||
| 008 | 260507s9999||||xx |||||||||||||| ||und|| | ||
| 040 | _cfsecg | ||
| 041 | _aara | ||
| 082 | _a658 | ||
| 100 |
_aأبو قحف، عبد السلام _eمؤلف |
||
| 245 | 0 |
_aمقدمة في الأعمال / _c عبد السلام أبو قحف |
|
| 260 |
_aالاسكندرية: _bالدار الجامعية, _c2004 |
||
| 300 |
_a412 صفحة؛ _bإيضاحات ؛ _c24 سم |
||
| 520 | _aالمقدمات الرئيسية،بيئة الأعمال والتحديات التي تواجه منظمات الأعمال في عالم اليوم،عناصر الأعمال،منشآت الأعمال والصناعات الصغيرة،الوظائف الرئيسية لمنشآت الأعمال | ||
| 653 | _aإدارة أعمال | ||
| 653 | _aالصناعات الصغيرة | ||
| 942 | _cكتاب | ||
| 999 |
_c42810 _d42810 |
||